Killing commendatore : a novel /

"The much-anticipated new novel from the internationally acclaimed, best-selling author of 1Q84 and Colorless Tsukuru Tazaki and His Years of Pilgrimage, Killing Commendatore is an epic tour de force of love and loneliness, war and art--as well as a loving homage to The Great Gatsby--and a stun...

Full description

Bibliographic Details
Main Author: Murakami, Haruki, 1949- (Author)
Other Authors: Gabriel, Philip, 1953- (Translator), Goossen, Ted (Translator)
Format: Book
Language:English
Published: New York, NY : Knopf, 2018.
Edition:First United States edition.
Subjects:
Classic Catalogue: View this record in Classic Catalogue
LEADER 02350nam a22004458i 4500
001 45304
003 BD-DhAAL
005 20260217103047.0
008 260216t20182017nyu 000 1 eng
010 |a  2018037138 
020 |a 9780525520054 
020 |a 9780525520047 (hardback) 
035 |a 20610647 
040 |a DLC  |b eng  |e rda  |c DLC  |d BD-DhAAL 
041 1 |a eng  |h jap 
042 |a pcc 
043 |a a-ja--- 
050 1 0 |a PL856.U673 
082 0 0 |a 895.635  |2 23 
100 1 |a Murakami, Haruki,  |d 1949-  |e author. 
240 1 0 |a Kishi danchō-goroshi.  |l English 
245 1 0 |a Killing commendatore :  |b a novel /  |c Haruki Murakami ; translated from the Japanese by Philip Gabriel and Ted Goossen. 
250 |a First United States edition. 
260 |a New York, NY :  |b Knopf,  |c 2018. 
300 |a 681 pages :  |b illustrations ;  |c 24 cm 
500 |a "Originally published in Japan as KISHIDANCHO-GOROSHI DAI-ICHI-BU ARAWARERU IDEA HEN and KISHIDANCHO-GOROSHI DAI-NI-BU UTSUROU METAFUA HEN by SHINCHOSHA Publishing Co., Ltd., Tokyo in 2017" -- Verso title page. 
520 |a "The much-anticipated new novel from the internationally acclaimed, best-selling author of 1Q84 and Colorless Tsukuru Tazaki and His Years of Pilgrimage, Killing Commendatore is an epic tour de force of love and loneliness, war and art--as well as a loving homage to The Great Gatsby--and a stunning work of imagination from one of our greatest writers"-- 
541 |a Donated by Farhana Zahir, Assistant Professor, BRAC Business School, BRAC University  |e 45304 
546 |a A single volume version of two books translated from the Japanese. 
650 0 |a Portrait painters  |v Fiction.  |9 60262 
650 0 |a Painting, Japanese  |v Fiction.  |9 60263 
650 7 |a FICTION / Literary. 
655 0 |a Psychological fiction. 
655 7 |a Fantasy fiction. 
655 7 |a Fiction. 
700 1 |a Gabriel, Philip,  |d 1953-  |e translator.  |9 58839 
700 1 |a Goossen, Ted,  |e translator.  |9 57219 
942 |2 ddc  |c BK 
999 |c 47735  |d 47735 
952 |0 0  |1 0  |2 ddc  |4 0  |6 895_635000000000000_MUR  |7 0  |9 78812  |a BRACUL  |b BRACUL  |c NEW  |d 2026-02-16  |e Donated by Farhana Zahir, Assistant Professor, BRAC Business School, BRAC University  |l 2  |m 9  |o 895.635 MUR  |p 3010045304  |q 2026-06-02  |r 2026-05-17  |s 2026-05-17  |t 1  |w 2026-02-16  |y BK  |x Donated by Farhana Zahir, Assistant Professor, BBS, BRAC University; $30.00